Znalectvo v ekonomických odboroch a stavebníctve

Saved in:
Bibliographic Details
Format: Serial
Language:Slovak
English
Published: Žilina Žilinská univerzita v Žiline
Subjects:
Tags: Add Tag
No Tags, Be the first to tag this record!

MARC

LEADER 00000nas1a2200000 4500
001 0237734
005 20230907104442.1
022 |a 1339-8288 
041 0 |a slo 
041 0 |a eng 
044 |a SK 
245 1 0 |a Znalectvo  |b v ekonomických odboroch a stavebníctve 
264 1 |a Žilina  |b Žilinská univerzita v Žiline 
610 2 0 |a znalectvo 
610 2 0 |a znalci 
610 2 0 |a ekonómia 
610 2 0 |a stavebníctvo 
610 2 0 |a ohodnocovanie 
610 2 0 |a posudky znalecké